Serenade KV 361

Αποθηκεύτηκε σε:
Λεπτομέρειες βιβλιογραφικής εγγραφής
Κύριος συγγραφέας: Mozart, Wolfgang Amadeus, 1756-1791
Συγγραφή απο Οργανισμό/Αρχή: Ensemble Zefiro
Μορφή: CD Ηχητικό
Γλώσσα:No linguistic content
Δημοσίευση: France : Auvidis/Astree, p1997
Θέματα:
Ετικέτες: Προσθήκη ετικέτας
Δεν υπάρχουν, Καταχωρήστε ετικέτα πρώτοι!

MARC

LEADER 00000njm a2200000 i 4500
001 1/86657
007 sd fs gn m ed
008 050929s1997 fr zxx d
028 0 1 |a E 8605  |b AUVIDIS/ASTREE 
035 |l 10080610 
040 |a GR-MY-UA  |b gre  |e aacr 
041 0 |g fre  |g eng  |g spa 
082 0 |a 785.421858  |2 (22η εκδ.) 
100 1 |a Mozart, Wolfgang Amadeus,   |d 1756-1791. 
245 1 0 |a Serenade KV 361/370a en si bemol majeur "Gran partita" Divertimento KV 166 en mi bemol majeur  |h [ηχογράφηση] /  |c Mozart 
260 |a France :   |b Auvidis/Astree,   |c p1997 
300 |a 1 δίσκος CD (60 λ., 37 δευτ.);  |b ψηφιακή, στέρεο.;  |c 4 3/4 ίν.+  |e 1 φυλλάδιο (11 σ.) 
505 0 |a Serenade de KV 361/370a en si bemol majeur "Gran partita" : 1. Largo, Molto allegro, 2. Manuetto, rio II, 3. Adagio, 4. Menuetto (allegretto), Trio I, Trio II, 5. Romance (adagio, allegretto, adagio), 6. Tema con Variazioni (andante) Var. I, Var. II, Var. III, Var. IV, Var. V (adagio), Var. VI (allegro), 7. Finale (molto allegro)Divertimento KV 166 en mi bemol majeur : 8. Allegro, 9. Menuetto, Trio, Coda, 10. Andante grazioso, 11. Adagio, 12. Allegro 
511 |a Εκτέλεση: Ensemble Zefiro 
650 0 0 |a Suites (Wind ensemble) 
710 2 |a Ensemble Zefiro. 
852 |a INST  |b SYROS  |c AV  |e 20050929  |h 785.421858 MOZ  |p 005500003818  |q 005500003818  |t CD  |y 23 
901 |a BIBL1-2003-2 
909 |a Ε  |b 111592 
920 |a ΔΙΕΥΡΥΝΣΗ  |b ΕΠΕΑΕΚ-ΤΜΣΠΣ  |y ΣΥΡΟΣ  |z 2004-10 
970 |a ΚΟΝΤΟΥ  |b ΠΑΡΑΣΚΕΥΗ  |z 2005/11/15